Skoki Narciarskie - Medaliści Mistrzostw Świata z Polski - Statystyki

Ogólne statystyki
  • Ten quiz został rozwiązany 102 razy
  • Średni wynik to 7 z 8
Statystyki odpowiedzi
Z S B Skoczek % Poprawnych
4x 1x 1x Adam Małysz
100%
2x 1x 3x Kamil Stoch
100%
3x - 4x Piotr Żyła
99%
2x - 3x Dawid Kubacki
98%
1x - 1x Maciej Kot
93%
- - 1x Andrzej Stękała
64%
- - 1x Klemens Murańka
64%
- - 1x Jan Ziobro
63%
Nie znaleziono quizów pasujących do podanych kryteriów
Rozkład punktacji
Procent ludzi z każdym wynikiem
Percentyl według liczby udzielonych odpowiedzi
Twoja historia wyników
Nie rozwiązałeś tego quizu